| 000 | 00425nam a2200145Ia 4500 | ||
|---|---|---|---|
| 005 | 20260328104312.0 | ||
| 008 | 260328s9999||||xx |||||||||||||| ||und|| | ||
| 100 | _aChacalo, Alicia | ||
| 245 | 0 |
_aTemas de Arboricultura : _b Árboles, Arbustos, Palmas y Frutales Para Ciudades / _cAlicia Chacalo |
|
| 250 | _a2a ed. | ||
| 260 | _bUniversidad Autónoma Metropolitana | ||
| 300 | _a301 p. | ||
| 650 | _aARBOLES | ||
| 942 | _cBK | ||
| 999 |
_c10997 _d10997 |
||